000 00770nam a2200241Ia 4500
003 OSt
005 20220916110919.0
006 a|||||r|||| 00| 0
007 ta
008 220915b |||||||| |||| 00| 0 hin d
024 _a215347
037 _cTextbook
040 _bhin
_aARTS
_cARTS
041 _ahin
082 _aO152:g, K3
100 _aमुद्राराक्षस
245 0 _aसाहित्य समीक्षा
246 _aSāhitya samīkṣhā
260 _aदिल्ली
_bनेशनल पब्लिशिंग हाऊस भारत
_c1963
650 _aहिन्दी साहित्य
942 _hO152:g, K3
_cTB
_2CC
999 _c101217
_d101217